000 00303nam a22001337a 4500
003 NUST
022 _a 0007183844
082 _a004,DIS
245 _aCollins Thesaurus A-Z :
_bDiscovery /
260 _aCollins
_bUK
_c2005
300 _aviii, 830 p
650 _aThesaurus A-Z
_9102536
942 _2ddc
_cBK
999 _c592284
_d592284